000 00810nam a22001817a 4500
999 _c62841
_d62841
003 Ge_BSU
005 20250310152702.0
008 250307s1941 ge ||||| |||| 00| 0 geo d
041 _ageo
080 _a611 : 612 ა-62
245 _aანატომიის და ფიზიოლოგიის კონსპექტი :
_bსანიტარული რაზმების მედპერსონალისათვის /
_cრედ.: ალ. ნათიშვილი.
264 _aთბ. :
_bსაქმედგმი,
_c1941.
300 _a52 გვ. ;
_b23 სმ.
653 _aანატომია
653 _aფიზიოლოგია
700 _aნათიშვილი, ალ.
_eრედაქტორი
_922403
942 _2udc
_cᲬᲘᲒᲜᲘ